000 00571nam a22001817a 4500
005 20251108165239.0
008 250721s1988 xx 000 0 ara d
082 1 4 _a956.05/أسع
100 1 _aحومد، أسعد
245 1 0 _aمحنة العرب في الأندلس /
250 _aط2 .، مزيدة و منقحة
264 1 _aبيروت :
_bالمؤسسة العربية للدراسات و النشر،
_c1988.
300 _a471ص
650 1 7 _aتاريخ الأندلس
650 1 7 _aالحضارة الإسلامية
942 _2ddc
_cBK
999 _c23145
_d23145